000 00524nam a2200181Ia 4500
005 20250508162008.0
008 008 250505s9999 xx 000 0 eng d
037 _aTextual
040 _aFEDL
_beng
_cFEDL
041 _aeng
_2eng
084 _a420.7, KAD
_qFEDL
100 _aKadler Eric H
_9771986
245 0 _aLinguistics and teaching foreign languages
260 _aNew York, USA
_bVan Nostrand Reinhold Company
_c1970
300 _axvi,187p
942 _cTEXL
_h420.7, KAD
999 _c1373723
_d1373723